000 00224nam a2200097 4500
001 3561
090 _a3561
100 _a20190723b u||y0fre||u0ba y50
200 _aArchivfürer des Zeidienst
_bPériodique
801 _aCH
_bCH-002049-8
955 _r1970: marz